Todos Times que Já Jogaram a Primeira Divisão de Teritá - Statistics

Estatísticas Gerais
  • Esse quiz foi jogado 13 vezes
  • A pontuação média é 58 de 110
Estatísticas das Respostas
Participações Estado Última Participação Time % Correto
20 Granatá 2057 Avellino
100%
42 Granatá 2057 Barcelos
100%
85 Guariná 2057 Dourado
100%
25 Gabríva 2057 Fox
100%
90 Parazí 2057 Millonarios
100%
52 Farésia 2057 Narração
100%
9 Parazí 2057 Barra
92%
75 Maltine 2054 Bayer
92%
7 Luniba 2054 Borussimond
92%
10 Parazí 2057 Cajari
92%
61 Maltine 2057 Cuiabayern
92%
85 Parazí 2057 Guarany
92%
52 Maltine 2056 MTK
92%
80 Farésia 2056 Nacional
92%
88 Maltine 2057 Platensia
92%
35 Parazí 2057 Portuguesa
92%
84 Parazí 2057 Uchoa
92%
15 Novassa 2057 Unidos de Novassa
92%
89 Córdoba 2057 Vienna
92%
33 Maltine 2057 Villa Verde
92%
1 Novassa 2052 Zona Norte
92%
5 Novassa 2055 ACK
85%
7 Luniba 2054 Bom Toque EC
85%
23 Córdoba 2047 Córdoba
85%
24 Parazí 2045 Exeter City
85%
29 Córdoba 2022 FDF United
85%
4 Granatá 2048 Forquilhas
85%
60 Parazí 2057 Independiente Santa Fé
85%
11 Marcatina 2056 Raja
85%
36 Marcatina 2046 São Bernardo do Sul
85%
9 Estimena 2057 São José
85%
10 Estimena 2057 São Luiz
85%
64 Córdoba 2044 Touros
85%
1 Maltine 2050 Trindade
85%
3 Marcatina 2051 Coritoense
77%
1 Santo Ângelo 2057 Cruz de Ouro
77%
3 Maltine 2055 Platino
77%
31 Estimena 2048 Pluton City
77%
17 Estimena 2055 Sport Joseense
77%
17 Guariná 2048 Zanio
77%
27 Córdoba 2027 Canarinho
69%
5 Parazí 2022 Colorado
69%
9 Estimena 2007 Grêmio Esportivo Teritá
69%
12 Marcatina 2053 National Rovers
69%
10 Guariná 2045 Pedrego
69%
15 Farésia 2045 San Bartolomeu
69%
12 Santo Ângelo 2028 Tamoyo
69%
8 Córdoba 2031 Américo
62%
10 Santana do Norte 2035 Aratá
62%
2 Taruí 2022 Atlético Taruí
62%
17 Farésia 2025 Desportivo Ipueirense
62%
10 Marcatina 1993 Golden City
62%
24 Farésia 2022 Independência
62%
23 Granatá 2033 Poletinense
62%
10 Maltine 2047 Shalom
62%
16 Parazí 2023 Deportivo Santa Fé
54%
12 Gabríva 2038 Gabríva
54%
12 Guariná 2022 Camboriú
46%
18 Taruí 2023 Esportivo Teritá
46%
5 Novassa 2036 Lugo
46%
2 Marcatina 1972 Marcatina
46%
3 Farésia 1979 São Francisco
46%
20 Parazí 1997 Sport Barros
46%
1 Farésia 2039 Sporting Castores
46%
4 Gabríva 2037 Frísio
38%
3 Santana do Sul 1985 Inconfidência
38%
7 Santa Rosa 2023 Reinzsc
38%
2 Gabríva 2032 Ribeirão Clube
38%
14 Marcatina 1974 União Aliança
38%
20 Farésia 2042 Wolfsbereni
38%
5 Parazí 2023 Atlético Tuanos
31%
2 Córdoba 2030 Córdoba Central
31%
1 Marcatina 1970 Flamingo
31%
1 Maltine 1996 Maltines
31%
6 Guariná 2023 Mynai
31%
9 Granatá 2004 Olimpiakas
31%
4 Santa Rosa 2023 Aigle Noir
23%
3 Santo Ângelo 2030 Catandirense
23%
7 Santa Rosa 2018 Milicos
23%
5 Marcatina 2023 Olímpica Independente
23%
1 Maltine 1989 Stark
23%
9 Guariná 2004 Americano
15%
2 Maltine 1968 Athletic Beliense
15%
4 Parazí 1972 Barra Esporte
15%
3 Granatá 1984 Belamui
15%
6 Marcatina 2023 Bernardense
15%
2 Santana do Sul 1981 Deportivo Santa Fé do Sul
15%
2 Farésia 1980 Fluminense de Feiras
15%
5 Guariná 2023 Inter de Camboriú
15%
1 Feiras 1967 Operário de Feiras
15%
4 Parazí 2001 Paraty
15%
1 Farésia 2038 Serra
15%
4 Parazí 2023 Águia Dourada
8%
3 Araporã 2018 Arsebrese United
8%
2 Farésia 1998 CD Feirense
8%
5 Granatá 1994 CRT
8%
3 Taruí 2000 FC Loud
8%
4 Farésia 2009 Feirense FC
8%
4 Marcatina 1977 Fenix
8%
5 Granatá 1971 Gladiadores
8%
6 Granatá 2023 Nordestino
8%
1 Córdoba 1987 Palmeiras de Córdoba
8%
1 Taruí 1967 Pelotão
8%
1 Parazí 1973 Princesa
8%
1 Granatá 1972 Super Onze
8%
1 Córdoba 2023 Teritá Juniors
8%
4 Guariná 2023 Athletic Jolava
0%
1 Santa Rosa 2023 Atlético Gyor
0%
5 Maltine 1999 Campeões
0%
7 Marcatina 2023 Slovácko
0%
Nenhum quiz correspondente encontrado
Distribuição das Pontuações
Porcentagem de Pessoas com Cada Pontuação
Percentil de Números Respondidos
Sua Pontuação Histórica
Você não jogou esse quiz